| 000 | 00595nam a2200205Ia 4500 | ||
|---|---|---|---|
| 003 | OSt | ||
| 005 | 20250814095656.0 | ||
| 008 | 210210b2001 xxu||||| |||| 00| 0 eng d | ||
| 040 | _cAL | ||
| 041 | _aKannada | ||
| 082 | _aK894.301 MUHK | ||
| 100 |
_aMUHAMMAD KULAYI _dಮುಹಮ್ಮದ್ ಕುಳಾಯಿ _9235421 |
||
| 245 |
_aKadana kutuhala. _bಕದನ ಕುತೂಹಲ |
||
| 260 |
_aMangaluru _bByari Sahitya mattu Samskratika Sangha _c2001 |
||
| 300 | _a126 | ||
| 650 |
_aSanna Kategalu _9235422 |
||
| 690 |
_aKannada Fiction _9235423 |
||
| 906 | _a056878 | ||
| 942 |
_2ddc _cBK |
||
| 999 |
_c104457 _d104457 |
||